Ancient India : (Record no. 38580)

MARC details
000 -LEADER
fixed length control field 00445nam a2200157Ia 4500
005 - DATE AND TIME OF LATEST TRANSACTION
control field 20260122095402.0
008 - FIXED-LENGTH DATA ELEMENTS--GENERAL INFORMATION
fixed length control field 260121s9999||||xx |||||||||||||| ||und||
020 ## - INTERNATIONAL STANDARD BOOK NUMBER
International Standard Book Number 9789387488519
082 ## - DEWEY DECIMAL CLASSIFICATION NUMBER
Classification number 934
Item number DUT
100 ## - MAIN ENTRY--PERSONAL NAME
Personal name Dutt, Romesh Chunder
245 #0 - TITLE STATEMENT
Title Ancient India :
Remainder of title 2000 BC - 800 AD /
Statement of responsibility, etc Romesh Chunder Dutt
260 ## - PUBLICATION, DISTRIBUTION, ETC. (IMPRINT)
Place of publication, distribution, etc Chennai :
Name of publisher, distributor, etc Maven Books,
Date of publication, distribution, etc 2023.
300 ## - PHYSICAL DESCRIPTION
Extent 196 p.; pbk
650 ## - SUBJECT ADDED ENTRY--TOPICAL TERM
Topical term or geographic name as entry element India - History - Ancient period
942 ## - ADDED ENTRY ELEMENTS (KOHA)
Koha item type Text Books
Holdings
Withdrawn status Lost status Source of classification or shelving scheme Damaged status Not for loan Collection code Home library Location Shelving location Date of Cataloging Total Checkouts Full call number Barcode Date last seen Price effective from Koha item type Source of acquisition
    Dewey Decimal Classification     Non-fiction CUTN Central Library CUTN Central Library History & Geography 09/05/2023   934 ROM 46258 09/05/2023 09/05/2023 Text Books  
          Non-fiction CUTN Central Library CUTN Central Library History & Geography 22/01/2026   934 DUT 52636 22/01/2026 22/01/2026 Text Books Tamil Nadu Book House, Chennai - Invoice No. - IN/180 on 10-03-2025